Filosofía de la calidad (Registro nro. 5841)
[ vista simple ]
| 000 -Cabecera | |
|---|---|
| Campo de control de longitud fija | 01268ata a2200457 4500 |
| 005 - Fecha y hora de la última transacción | |
| Campo de control | 20251121173926.0 |
| 008 - Elementos de longitud fija--Información general | |
| Campo de control de longitud fija | 150521b2009 xxu||||| |||| 00| 0 spa d |
| 020 ## - International Standard Book Number | |
| Número Internacional Estándar del Libro (ISBN) | 9789701070895 |
| 041 ## - Idioma | |
| Código de idioma | Español |
| 082 ## - Clasificación Decimal Dewey | |
| Número de clasificación | 658.562 C233f |
| 100 ## - Entrada principal--Autor personal | |
| Nombre personal | Cantu Delgado, Humberto |
| 9 (RLIN) | 30122 |
| 100 ## - Entrada principal--Autor personal | |
| Nombre personal | Gutiérrez Pulido, Humberto |
| 245 ## - Título propiamente dicho | |
| Título | Filosofía de la calidad |
| 260 ## - Pie de imprenta | |
| Lugar de publicación, distribución, etc. | México |
| 260 ## - Pie de imprenta | |
| Nombre del editor, distribuidor, etc. | McGraw-Hill |
| 260 ## - Pie de imprenta | |
| Fecha de publicación, distribución, etc. | 2009 |
| 300 ## - Descripción física | |
| Extensión | 365 páginas |
| 490 ## - Serie | |
| Título de la Serie | Dirección y Administración de Empresas |
| 650 ## - Materia general | |
| Temática (materia general) | CONTROL DE CALIDAD |
| 650 ## - Materia general | |
| Temática (materia general) | CALIDAD TOTAL |
| 650 ## - Materia general | |
| Temática (materia general) | ETAPAS DE EVOLUCIÓN DE LA CALIDAD |
| 650 ## - Materia general | |
| Temática (materia general) | CALIDAD TOTAL COMO HERRAMIENTA COMPETITIVA |
| 650 ## - Materia general | |
| Temática (materia general) | CULTURA DE CALIDAD |
| 650 ## - Materia general | |
| Temática (materia general) | CAMBIO DE CULTURA EN LA ORGANIZACIÓN |
| 650 ## - Materia general | |
| Temática (materia general) | CULTURA DE CALIDAD PERSONAL |
| 650 ## - Materia general | |
| Temática (materia general) | ISO 9000:2000 |
| 650 ## - Materia general | |
| Temática (materia general) | GESTIÓN DE CALIDAD |
| 650 ## - Materia general | |
| Temática (materia general) | PROCESOS |
| 650 ## - Materia general | |
| Temática (materia general) | MAESTROS DE LA CALIDAD |
| 650 ## - Materia general | |
| Temática (materia general) | LIDERAZGO |
| 650 ## - Materia general | |
| Temática (materia general) | PLANEACIÓN |
| 650 ## - Materia general | |
| Temática (materia general) | PLANEACIÓN ESTRATÉGICA |
| 650 ## - Materia general | |
| Temática (materia general) | CONOCIMIENTO ORGANIZACIONAL |
| 650 ## - Materia general | |
| Temática (materia general) | CINCO ESES |
| 650 ## - Materia general | |
| Temática (materia general) | FODA |
| 650 ## - Materia general | |
| Temática (materia general) | CUADRO DE MANDO INTEGRAL |
| 650 ## - Materia general | |
| Temática (materia general) | MISIÓN |
| 650 ## - Materia general | |
| Temática (materia general) | VISIÓN |
| 650 ## - Materia general | |
| Temática (materia general) | VALORES |
| 942 ## - Punto de acceso adicional KOHA | |
| Tipo de ítem KOHA | Libro |
| Fuente del sistema de clasificación o colocación | Dewey Decimal Classification |
| Signatura completa | Código de barras | Programa Académico | Tipo de ítem |
|---|---|---|---|
| 658.562 C233f | 14922 | Dirección y Administración de Empresas | Libro |